Score 0/14 Timer 01:00
1 Play Today
% Correct
Mariners
81.9%
Indians
81.5%
Blue Jays
81.2%
Athletics
80%
Astros
79.1%
Tigers
79.1%
Royals
76.5%
% Correct
Twins
76.2%
Red Sox
74.1%
Rays
73.2%
Yankees
66.4%
White Sox
65%
Orioles
60.1%
Angels
59.9%

Today's Daily Dose

You're not logged in!

Compare scores with friends on all Sporcle quizzes.
OR
Log In

Sporcle TV

Today on Sporcle TV


Watch our educational content, quiz creation guides, and fun videos on Sporcle TV.

Show Comments

Extras

Top Quizzes Today


Score Distribution

Paid Content

Your Account Isn't Verified!

In order to create a playlist on Sporcle, you need to verify the email address you used during registration. Go to your Sporcle Settings to finish the process.

Report this User

Report this user for behavior that violates our Community Guidelines.

Details: